L'Ombra i la marioneta o les figures dels déus / Maryse Badiou
Descripción Física:
124 p., [8] p. de làm. ; 22 cm
Colección:
Monografies de teatre ; 28
Materias:
Titelles i teatre de titelles
MARC
| LEADER | 00000nam a2200000Ia 4500 | ||
|---|---|---|---|
| 001 | 8371 | ||
| 008 | 160829s1988 xx 000 0 cat d | ||
| 080 | |a B-1-186 | ||
| 100 | |a Badiou, Maryse |9 22339 | ||
| 245 | |a L'Ombra i la marioneta o les figures dels déus / Maryse Badiou | ||
| 260 | |a Barcelona : |b Institut del Teatre de la Diputació de Barcelona, |c 1988 | ||
| 300 | |a 124 p., [8] p. de làm. ; |c 22 cm | ||
| 490 | |a Monografies de teatre ; 28 | ||
| 650 | 0 | |a Titelles i teatre de titelles |9 35894 | |
| 710 | 1 | |a Institut del Teatre (Barcelona, Catalunya) |9 52662 | |
| 901 | |a Arxiu | ||
| 942 | |n 1 | ||
| 952 | |0 0 |1 0 |4 0 |6 B1186 |7 1 |9 42176 |a Arxiu |b Arxiu |d 2016-12-01 |l 0 |o B-1-186 |p 8371 |r 2016-12-01 00:00:00 |w 2016-12-01 |y ARXIU | ||
| 999 | |c 44623 |d 44623 | ||